Miasta na tej samej długości i szerokości geogr. co Warszawa + mapa - Statystyki

Ogólne statystyki
  • Ten quiz został rozwiązany 987 razy
  • Średni wynik to 13 z 43
Odpowiedzi na mapie
Odpowiedzi zakodowano w zielono-czerwonej skali na mapie do tego quizu, zgodnie z poniższymi procentami.
 
Statystyki odpowiedzi
Strona świata Kraj Miasto liczba ludności % Poprawnych
Zachód Niemcy Berlin 3.664k
87%
Zachód Polska Poznań 532k
86%
Południe Polska Radom 209k
73%
Zachód Holandia Amsterdam 867k
67%
Południe Macedonia Płn. Skopje 507k
65%
Południe Kosowo Prisztina 207k
61%
Północ Litwa Kłajpeda 172k
60%
Wschód Białoruś Brześć 363k
58%
Południe Polska Tarnów 107k
58%
Południe Słowacja Koszyce 238k
56%
Zachód Holandia Haga 525k
50%
Zachód Niemcy Poczdam 178k
45%
Zachód Niemcy Hanower 534k
41%
Wschód Białoruś Homel 527k
33%
Wschód Rosja Irkuck 624k
32%
Zachód Niemcy Magdeburg 236k
27%
Zachód Holandia Utrecht 311k
26%
Południe Węgry Miszkolc 155k
21%
Południe Rumunia Timișoara 319k
21%
Zachód Niemcy Bielefeld 334k
18%
Zachód Wielka Brytania Cambridge 124k
18%
Wschód Białoruś Pińsk 136k
17%
Zachód Niemcy Wolfsburg 123k
16%
Południe Rumunia Arad 160k
15%
Zachód Niemcy Brunszwik 246k
15%
Zachód Wielka Brytania Coventry 303k
15%
Zachód Holandia Enschede 165k
15%
Zachód Niemcy Osnabrück 164k
14%
Wschód Rosja Czita 352
12%
Zachód Holandia Haarlem 154k
12%
Południe Serbia Kragujevac 151k
12%
Zachód Kanada Saskatoon 246k
12%
Wschód Kazachstan Pawłodar 334k
11%
Zachód Holandia Almere 208k
10%
Zachód Holandia Amersfoort 147k
10%
Zachód Holandia Apeldoorn 151k
10%
Zachód Holandia Lejda 121k
10%
Zachód Wielka Brytania Northampton 189k
10%
Zachód Niemcy Hildesheim 103k
9%
Zachód Holandia Deventer 104k
8%
Zachód Niemcy Salzgitter 104k
8%
Zachód Wielka Brytania Worcester 101k
8%
Zachód Wielka Brytania Solihull 123k
7%
Nie znaleziono quizów pasujących do podanych kryteriów
Rozkład punktacji
Procent ludzi z każdym wynikiem
Percentyl według liczby udzielonych odpowiedzi
Twoja historia wyników
Nie rozwiązałeś tego quizu